Every Premier League Goalscorer (2020/21) - Statistics

General Stats
  • This quiz has been taken 1,607 times
    1,187 since last reset
  • The average score is 113 of 271
Answer Stats
Answer % Correct
Pierre-Emerick Aubameyang
89%
Mohamed Salah
88%
Alexandre Lacazette
86%
Sadio Mané
86%
Bruno Fernandes
83%
Harry Kane
83%
Roberto Firmino
83%
Bukayo Saka
82%
Jorginho
81%
Marcus Rashford
81%
Son Heung-min
81%
Jamie Vardy
79%
Timo Werner
79%
Daniel James
78%
Diogo Jota
78%
Edinson Cavani
78%
Nicolas Pépé
78%
Reece James
78%
Thiago Silva
78%
Bernardo Silva
77%
Fábio Silva
77%
Kai Havertz
77%
Mason Mount
77%
Rodri
77%
Trent Alexander-Arnold
77%
Tyler Roberts
77%
Christian Pulisic
76%
Gabriel Jesus
76%
Kevin De Bruyne
76%
Riyad Mahrez
76%
Virgil van Dijk
76%
Andrew Robertson
74%
Granit Xhaka
74%
İlkay Gündoğan
73%
Raheem Sterling
73%
Jack Grealish
72%
Jordan Henderson
72%
Phil Foden
72%
Yerry Mina
72%
Martin Ødegaard
71%
Wilfried Zaha
71%
Scott McTominay
70%
Dominic Calvert-Lewin
69%
Gareth Bale
69%
Richarlison
69%
Anthony Martial
68%
Dele Alli
68%
Kieran Tierney
68%
Ollie Watkins
68%
Patrick Bamford
68%
Hakim Ziyech
67%
Sergio Agüero
67%
Takumi Minamino
67%
Chris Wood
66%
Joël Matip
66%
Victor Lindelöf
65%
Georginio Wijnaldum
64%
Gabriel Martinelli
63%
Harry Maguire
63%
Mohamed Elneny
63%
Paul Pogba
63%
Rúben Dias
63%
Danny Ings
62%
Gabriel
62%
Neal Maupay
62%
Thiago
62%
James Rodríguez
61%
Michail Antonio
61%
Tomáš Souček
61%
João Cancelo
60%
John Stones
60%
Adama Traoré
59%
Gylfi Sigurðsson
59%
Antonio Rüdiger
58%
Bertrand Traoré
58%
Callum Wilson
58%
Emile Smith Rowe
58%
Fred
58%
Ashley Barnes
57%
Christian Benteke
57%
Harvey Barnes
57%
James Maddison
57%
Luke Shaw
57%
Mason Greenwood
57%
Youri Tielemans
57%
César Azpilicueta
56%
Kelechi Iheanacho
55%
Kyle Walker
55%
Nathan Aké
55%
Tammy Abraham
55%
Jay Rodriguez
54%
Lucas Moura
54%
Marcos Alonso
54%
Raúl Jiménez
53%
David Luiz
52%
Leandro Trossard
52%
Miguel Almirón
52%
Olivier Giroud
52%
Ben Chilwell
51%
John McGinn
51%
Curtis Jones
49%
Ferran Torres
49%
Raphinha
49%
Aleksandar Mitrović
48%
Benjamin Mendy
48%
Declan Rice
48%
Jonny Evans
48%
Rodrigo
48%
Willian
48%
Alisson
46%
Jarrod Bowen
46%
Lewis Dunk
46%
Pascal Groß
46%
Rúben Neves
46%
Aaron Wan-Bissaka
45%
Stuart Dallas
45%
Tyrone Mings
45%
Wilfred Ndidi
45%
Jesse Lingard
44%
Alex Iwobi
43%
Anwar El Ghazi
43%
Ché Adams
43%
Joelinton
43%
Kalvin Phillips
43%
Kurt Zouma
43%
Matt Phillips
43%
Nathaniel Phillips
43%
Çağlar Söyüncü
42%
Héctor Bellerín
42%
Juan Mata
42%
James Ward-Prowse
41%
Jordan Ayew
41%
Serge Aurier
41%
Donny van de Beek
40%
Tanguy Ndombele
40%
Pierre-Emile Højbjerg
39%
Anthony Elanga
38%
Danny Welbeck
38%
Matheus Pereira
38%
Pablo Fornals
38%
Callum Hudson-Odoi
37%
Ezgjan Alioski
37%
Jack Harrison
37%
Mateusz Klich
37%
Yves Bissouma
37%
Allan Saint-Maximin
36%
Ayoze Pérez
36%
Eberechi Eze
36%
Giovani Lo Celso
36%
Pedro Neto
36%
Timothy Castagne
36%
Toby Alderweireld
36%
Trézéguet
36%
Erik Lamela
35%
João Moutinho
35%
Michael Keane
35%
Ben Mee
34%
James Tarkowski
34%
Matěj Vydra
34%
Eddie Nketiah
33%
Fabian Schär
33%
Joe Willock
33%
Manuel Lanzini
33%
Saïd Benrahma
33%
Alexis Mac Allister
32%
Bobby Decordova-Reid
32%
Stuart Armstrong
32%
Ezri Konsa
31%
Conor Coady
30%
David McGoldrick
30%
Angelo Ogbonna
29%
Sander Berge
29%
Abdoulaye Doucouré
28%
Daniel Amartey
28%
Dwight McNeil
28%
Romain Saïss
28%
Solly March
28%
Ross Barkley
27%
Dan Burn
26%
Liam Cooper
26%
Steven Bergwijn
26%
Alex Oxlade-Chamberlain
25%
Daniel Podence
25%
Hélder Costa
25%
Jan Bednarek
25%
Jannik Vestergaard
25%
Joël Veltman
25%
Jóhann Berg Guðmundsson
25%
Luka Milivojević
25%
Tariq Lamptey
25%
Bernard
24%
Cheikhou Kouyaté
24%
Jeffrey Schlupp
24%
Jonjo Shelvey
24%
Adam Lallana
23%
Mario Lemina
23%
Ademola Lookman
22%
Ashley Westwood
22%
Marc Albrighton
22%
Oli McBurnie
22%
Willy Boly
22%
Adam Webster
21%
James Justin
21%
Leander Dendoncker
21%
Ruben Loftus-Cheek
21%
Billy Sharp
20%
Callum Robinson
20%
Craig Dawson
20%
Dennis Praet
20%
Diego Llorente
20%
Issa Diop
20%
Jamaal Lascelles
20%
Joachim Andersen
20%
Pascal Struijk
20%
Andros Townsend
19%
Emil Krafth
19%
Nélson Semedo
19%
Sébastien Haller
19%
Tom Cairney
19%
Conor Gallagher
18%
Fabián Balbuena
18%
Matthew Lowton
18%
Ben Johnson
17%
Jeff Hendrick
17%
Luke Thomas
17%
Ciaran Clark
16%
Rayan Aït-Nouri
16%
Theo Walcott
16%
Tyrick Mitchell
16%
Aaron Connolly
15%
Carlos Vinícius
15%
Michy Batshuayi
15%
Oriol Romeu
15%
Conor Hourihane
14%
Ivan Cavaleiro
14%
Jean-Philippe Mateta
14%
Kortney Hause
14%
Mason Holgate
14%
Moussa Djenepo
14%
Nathan Redmond
14%
Paul Dummett
14%
Robbie Brady
14%
Steven Alzate
14%
Jacob Murphy
13%
Keinan Davis
13%
Ola Aina
13%
Gary Cahill
12%
Scott Dann
12%
Jaïro Riedewald
11%
Andy Carroll
10%
Josh Maja
10%
Dwight Gayle
9%
Fábio Carvalho
9%
Hal Robson-Kanu
9%
Joe Bryan
9%
Kean Bryan
9%
Ryan Fredericks
9%
Semi Ajayi
9%
Willian José
9%
Morgan Gibbs-White
8%
Daniel Jebbison
7%
Karlan Grant
7%
Kyle Bartley
7%
Mbaye Diagne
7%
Oliver Burke
7%
Ben Osborn
6%
Grady Diangana
6%
Darnell Furlong
5%
Jayden Bogle
5%
Jimmy Dunne
5%
Nathan Tella
3%
No matching quizzes found
Score Distribution
Percent of People with Each Score
Percentile by Number Answered
Your Score History
You have not taken this quiz since the last reset